[Event "Campeonato España Sub 12"]
[Site "Salobreña"]
[Date "2017.07.15"]
[Round "9"]
[White "Badillo Ramos, Steve"]
[Black "Revaliente Montoya, Ciro"]
[Result "1/2-1/2"]
[Board "2"]
[WhiteClock "1:30"]
[WhiteElo "1802"]
[WhiteCountry "ESP"]
[WhiteFideId "24526150"]
[WhiteEloChange "5"]
[BlackClock "1:30"]
[BlackElo "1992"]
[BlackCountry "ESP"]
[BlackFideId "24538442"]
[BlackEloChange "-5"]

1. d4 {[%clk 1:30:00]} Nf6 {[%clk 1:30:00]} 2. Nc3 {[%clk 1:31:00]} d5 {[%clk
1:29:30]} 3. Bg5 {[%clk 1:31:00]} Bf5 {[%clk 1:29:00]} 4. f3 {[%clk 1:30:00]}
Nbd7 {[%clk 1:26:00]} 5. Nxd5 {[%clk 1:25:00]} Nxd5 {[%clk 1:24:00]} 6. e4 {[%clk
1:25:00]} h6 {[%clk 1:21:00]} 7. Bd2 {[%clk 1:24:30]} c5 {[%clk 1:17:00]} 8. exf5
{[%clk 1:19:00]} cxd4 {[%clk 1:17:00]} 9. Bd3 {[%clk 1:19:00]} Qb6 {[%clk
1:16:00]} 10. Ne2 {[%clk 1:15:00]} Ne5 {[%clk 1:13:00]} 11. O-O {[%clk 1:10:00]}
g6 {[%clk 1:06:00]} 12. Nf4 {[%clk 1:07:00]} Nxf4 {[%clk 1:05:00]} 13. Bxf4
{[%clk 1:07:00]} Nxd3 {[%clk 1:01:00]} 14. cxd3 {[%clk 1:06:30]} Bg7 {[%clk
0:59:00]} 15. Qa4+ {[%clk 1:06:00]} Qc6 {[%clk 0:58:30]} 16. Qxc6+ {[%clk
1:02:00]} bxc6 {[%clk 0:58:30]} 17. fxg6 {[%clk 1:02:00]} fxg6 {[%clk 1:00:00]}
18. Rfe1 {[%clk 1:03:00]} Kd7 {[%clk 0:58:00]} 19. Be5 {[%clk 1:02:30]} Bxe5
{[%clk 0:57:29]} 20. Rxe5 {[%clk 1:02:30]} e6 {[%clk 0:57:29]} 21. Rae1 {[%clk
1:04:00]} Rhe8 {[%clk 0:59:00]} 22. R1e4 {[%clk 1:02:00]} Kd6 {[%clk 0:56:00]}
23. b4 {[%clk 1:02:00]} Rab8 {[%clk 0:51:00]} 24. a3 {[%clk 1:01:00]} g5 {[%clk
0:50:30]} 25. Kf2 {[%clk 0:59:00]} Rbc8 {[%clk 0:50:00]} 26. Ra5 {[%clk 0:55:00]}
e5 {[%clk 0:50:00]} 27. Ra6 {[%clk 0:54:29]} Rb8 {[%clk 0:49:30]} 28. Ra5 {[%clk
0:54:29]} Rbc8 {[%clk 0:49:00]} 29. Ra6 {[%clk 0:56:00]} Rb8 {[%clk 0:49:00]} 30.
Ra5 {[%clk 0:56:00]} Rbc8 {[%clk 0:49:00]} 1/2-1/2

[Event "Campeonato España Sub 12"]
[Site "Salobreña"]
[Date "2017.07.15"]
[Round "9"]
[White "Travesset Sagre, Jan"]
[Black "Garrido Outon, Alex"]
[Result "0-1"]
[Board "3"]
[WhiteClock "1:30"]
[WhiteElo "1792"]
[WhiteCountry "ESP"]
[WhiteFideId "24538701"]
[WhiteEloChange "-3"]
[BlackClock "1:30"]
[BlackElo "2074"]
[BlackCountry "ESP"]
[BlackFideId "24516279"]
[BlackEloChange "3"]

1. Nf3 {[%clk 1:30:00]} d5 {[%clk 1:30:00]} 2. g3 {[%clk 1:29:30]} Bf5 {[%clk
1:29:30]} 3. Bg2 {[%clk 1:29:30]} Nf6 {[%clk 1:28:59]} 4. d3 {[%clk 1:31:00]} h6
{[%clk 1:29:00]} 5. O-O {[%clk 1:31:00]} e6 {[%clk 1:30:00]} 6. Nbd2 {[%clk
1:31:00]} Be7 {[%clk 1:30:00]} 7. Qe1 {[%clk 1:29:00]} Bh7 {[%clk 1:29:30]} 8. e4
{[%clk 1:28:30]} O-O {[%clk 1:29:30]} 9. e5 {[%clk 1:12:00]} Nfd7 {[%clk
1:28:00]} 10. Qe2 {[%clk 1:09:00]} c5 {[%clk 1:26:00]} 11. Re1 {[%clk 1:01:00]}
Nc6 {[%clk 1:24:00]} 12. Nf1 {[%clk 0:54:00]} b5 {[%clk 1:19:00]} 13. h4 {[%clk
0:50:00]} Qc7 {[%clk 1:16:00]} 14. Bf4 {[%clk 0:48:00]} c4 {[%clk 1:11:00]} 15.
d4 {[%clk 0:46:00]} Qb6 {[%clk 1:00:00]} 16. Red1 {[%clk 0:32:00]} Rac8 {[%clk
0:54:00]} 17. g4 {[%clk 0:26:00]} c3 {[%clk 0:49:00]} 18. b3 {[%clk 0:25:30]} Ba3
{[%clk 0:48:31]} 19. g5 {[%clk 0:25:30]} h5 {[%clk 0:48:31]} 20. Ng3 {[%clk
0:21:00]} Bb2 {[%clk 0:47:00]} 21. Nxh5 {[%clk 0:20:00]} Bxa1 {[%clk 0:45:00]}
22. Rxa1 {[%clk 0:19:30]} Bg6 {[%clk 0:43:00]} 23. Nf6+ {[%clk 0:17:16]} gxf6
{[%clk 0:37:00]} 24. gxf6 {[%clk 0:17:42]} Nxd4 {[%clk 0:36:30]} 25. Nxd4 {[%clk
0:17:16]} Qxd4 {[%clk 0:36:30]} 26. Bg3 {[%clk 0:13:47]} Bxc2 {[%clk 0:27:00]}
27. Qh5 {[%clk 0:10:32]} Qd3 {[%clk 0:27:00]} 28. Bf4 {[%clk 0:08:06]} Qg6 {[%clk
0:27:00]} 29. Qg5 {[%clk 0:07:22]} Qxg5 {[%clk 0:27:00]} 30. hxg5 {[%clk
0:07:47]} Bg6 {[%clk 0:26:30]} 31. Bf3 {[%clk 0:07:36]} d4 {[%clk 0:26:00]} 32.
Kg2 {[%clk 0:08:00]} d3 {[%clk 0:25:29]} 33. Rh1 {[%clk 0:08:22]} d2 {[%clk
0:25:29]} 34. Rh6 {[%clk 0:06:56]} Nxe5 {[%clk 0:25:00]} 35. Bxe5 {[%clk
0:06:47]} c2 {[%clk 0:25:00]} 0-1

[Event "Campeonato España Sub 12"]
[Site "Salobreña"]
[Date "2017.07.15"]
[Round "9"]
[White "Reyes Penas, Sebastian"]
[Black "Castro Quijano, Eduardo"]
[Result "1-0"]
[Board "4"]
[WhiteClock "1:30"]
[WhiteElo "1940"]
[WhiteCountry "ESP"]
[WhiteFideId "32035780"]
[WhiteEloChange "3"]
[BlackClock "1:30"]
[BlackElo "1650"]
[BlackCountry "ESP"]
[BlackFideId "24507407"]
[BlackEloChange "-3"]

1. e4 {[%clk 1:30:00]} g6 {[%clk 1:30:00]} 2. d4 {[%clk 1:31:00]} d6 {[%clk
1:30:00]} 3. c4 {[%clk 1:30:30]} Bg7 {[%clk 1:31:00]} 4. Nc3 {[%clk 1:30:30]} Nf6
{[%clk 1:30:29]} 5. f3 {[%clk 1:30:30]} O-O {[%clk 1:30:29]} 6. Be3 {[%clk
1:30:30]} c5 {[%clk 1:29:59]} 7. Nge2 {[%clk 1:30:00]} Nc6 {[%clk 1:29:59]} 8.
Qd2 {[%clk 1:29:30]} Nd7 {[%clk 1:27:00]} 9. d5 {[%clk 1:27:00]} Nce5 {[%clk
1:26:30]} 10. b3 {[%clk 1:26:00]} Nb6 {[%clk 1:26:00]} 11. Nc1 {[%clk 1:21:00]}
a5 {[%clk 1:25:00]} 12. a4 {[%clk 1:20:30]} f5 {[%clk 1:25:00]} 13. exf5 {[%clk
1:20:00]} Bxf5 {[%clk 1:25:00]} 14. Be2 {[%clk 1:19:29]} Qd7 {[%clk 1:25:00]} 15.
g4 {[%clk 1:18:00]} Bd3 {[%clk 1:24:00]} 16. Nxd3 {[%clk 1:16:00]} Nexc4 {[%clk
1:23:00]} 17. bxc4 {[%clk 1:08:00]} Nxc4 {[%clk 1:24:00]} 18. Nxc5 {[%clk
1:07:30]} Nxd2 {[%clk 1:24:00]} 19. Nxd7 {[%clk 1:09:00]} Nxf3+ {[%clk 1:22:00]}
20. Bxf3 {[%clk 1:05:00]} Bxc3+ {[%clk 1:21:00]} 21. Ke2 {[%clk 1:06:00]} Rfd8
{[%clk 1:20:00]} 22. Rac1 {[%clk 1:05:29]} Rac8 {[%clk 1:19:00]} 23. Nb6 {[%clk
1:05:29]} Rc7 {[%clk 1:18:00]} 24. Bd2 {[%clk 1:05:29]} Bxd2 {[%clk 1:17:00]} 25.
Rxc7 {[%clk 1:04:58]} 1-0

[Event "Campeonato España Sub 12"]
[Site "Salobreña"]
[Date "2017.07.15"]
[Round "9"]
[White "Zhou, Lulu"]
[Black "Juarros Ruiz, Victor"]
[Result "1-0"]
[Board "5"]
[WhiteClock "1:30"]
[WhiteElo "1964"]
[WhiteCountry "ESP"]
[WhiteFideId "24540943"]
[WhiteEloChange "4"]
[BlackClock "1:30"]
[BlackElo "1700"]
[BlackCountry "ESP"]
[BlackFideId "24515213"]
[BlackEloChange "-4"]

1. e4 {[%clk 1:30:00]} d6 {[%clk 1:30:00]} 2. d4 {[%clk 1:31:00]} Nf6 {[%clk
1:31:00]} 3. Nc3 {[%clk 1:31:00]} c6 {[%clk 1:30:30]} 4. a4 {[%clk 1:30:00]} Qa5
{[%clk 1:29:00]} 5. Bd2 {[%clk 1:24:00]} e5 {[%clk 1:28:30]} 6. dxe5 {[%clk
1:23:00]} dxe5 {[%clk 1:28:00]} 7. Nf3 {[%clk 1:21:00]} Bg4 {[%clk 1:26:00]} 8.
h3 {[%clk 1:22:00]} Bxf3 {[%clk 1:26:00]} 9. Qxf3 {[%clk 1:21:00]} Bb4 {[%clk
1:24:00]} 10. Bc4 {[%clk 1:16:00]} Na6 {[%clk 1:13:00]} 11. O-O {[%clk 1:13:00]}
O-O {[%clk 1:05:00]} 12. Bg5 {[%clk 1:12:00]} Be7 {[%clk 0:57:00]} 13. Ne2 {[%clk
1:08:00]} Qb4 {[%clk 0:52:00]} 14. b3 {[%clk 1:04:00]} Nd7 {[%clk 0:40:00]} 15.
c3 {[%clk 1:02:00]} Qc5 {[%clk 0:39:00]} 16. Be3 {[%clk 1:02:00]} Qd6 {[%clk
0:37:00]} 17. Rfd1 {[%clk 1:02:00]} Qc7 {[%clk 0:36:30]} 18. b4 {[%clk 1:02:00]}
Nab8 {[%clk 0:30:00]} 19. Ng3 {[%clk 1:01:00]} Nb6 {[%clk 0:26:00]} 20. Bf1
{[%clk 1:00:00]} Re8 {[%clk 0:25:00]} 21. a5 {[%clk 0:56:00]} Nc8 {[%clk
0:25:00]} 22. Qg4 {[%clk 0:53:00]} Bf8 {[%clk 0:20:00]} 23. Nh5 {[%clk 0:51:00]}
Kh8 {[%clk 0:19:30]} 24. Bh6 {[%clk 0:48:00]} f6 {[%clk 0:19:36]} 25. Bc4 {[%clk
0:47:00]} Nd6 {[%clk 0:19:20]} 26. Rxd6 {[%clk 0:48:00]} g6 {[%clk 0:18:12]} 27.
Bxf8 {[%clk 0:48:00]} Rxf8 {[%clk 0:18:35]} 28. Rxf6 {[%clk 0:47:30]} Nd7 {[%clk
0:17:20]} 29. Rxf8+ {[%clk 0:47:00]} Rxf8 {[%clk 0:17:37]} 30. Rd1 {[%clk
0:47:00]} Nb8 {[%clk 0:16:31]} 31. Ng3 {[%clk 0:46:00]} 1-0

[Event "Campeonato España Sub 12"]
[Site "Salobreña"]
[Date "2017.07.15"]
[Round "9"]
[White "Tadevosyan, Aspet"]
[Black "Villalba Embid, Marcos"]
[Result "1-0"]
[Board "6"]
[WhiteClock "1:30"]
[WhiteElo "1786"]
[WhiteCountry "ESP"]
[WhiteFideId "24526134"]
[WhiteEloChange "12"]
[BlackClock "1:30"]
[BlackElo "1868"]
[BlackCountry "ESP"]
[BlackFideId "24505277"]
[BlackEloChange "-12"]

1. d4 {[%clk 1:30:00]} Nf6 {[%clk 1:30:00]} 2. c4 {[%clk 1:31:00]} g6 {[%clk
1:31:00]} 3. Nc3 {[%clk 1:31:00]} Bg7 {[%clk 1:31:00]} 4. e4 {[%clk 1:32:00]} d6
{[%clk 1:31:00]} 5. Nf3 {[%clk 1:32:00]} O-O {[%clk 1:32:00]} 6. Be2 {[%clk
1:33:00]} e5 {[%clk 1:32:00]} 7. d5 {[%clk 1:32:30]} a5 {[%clk 1:32:00]} 8. Bg5
{[%clk 1:31:59]} h6 {[%clk 1:32:00]} 9. Be3 {[%clk 1:31:59]} Na6 {[%clk 1:31:30]}
10. Nd2 {[%clk 1:32:00]} Nc5 {[%clk 1:31:00]} 11. b3 {[%clk 1:31:00]} Nh7 {[%clk
1:31:00]} 12. O-O {[%clk 1:26:00]} f5 {[%clk 1:31:00]} 13. f3 {[%clk 1:25:30]} f4
{[%clk 1:29:00]} 14. Bf2 {[%clk 1:27:00]} g5 {[%clk 1:30:00]} 15. a3 {[%clk
1:26:00]} Rf7 {[%clk 1:28:00]} 16. b4 {[%clk 1:19:00]} axb4 {[%clk 1:28:00]} 17.
axb4 {[%clk 1:19:00]} Rxa1 {[%clk 1:28:00]} 18. Qxa1 {[%clk 1:20:00]} Na6 {[%clk
1:29:00]} 19. Qa3 {[%clk 1:14:00]} Bf8 {[%clk 1:27:00]} 20. Na4 {[%clk 1:13:00]}
b6 {[%clk 1:15:00]} 21. Rc1 {[%clk 1:02:00]} h5 {[%clk 1:10:00]} 22. c5 {[%clk
0:57:00]} bxc5 {[%clk 1:08:00]} 23. bxc5 {[%clk 0:57:00]} g4 {[%clk 1:04:00]} 24.
cxd6 {[%clk 0:52:00]} Bxd6 {[%clk 1:01:00]} 25. Nc5 {[%clk 0:50:30]} g3 {[%clk
1:00:00]} 26. hxg3 {[%clk 0:51:00]} fxg3 {[%clk 0:59:00]} 27. Be3 {[%clk
0:50:29]} Nxc5 {[%clk 0:58:00]} 28. Bxc5 {[%clk 0:50:29]} Qh4 {[%clk 0:58:00]}
29. Nf1 {[%clk 0:49:59]} Bh3 {[%clk 0:53:00]} 30. Bxd6 {[%clk 0:47:00]} Bxg2
{[%clk 0:49:00]} 31. Kxg2 {[%clk 0:46:00]} Ng5 {[%clk 0:48:00]} 32. Qa8+ {[%clk
0:39:00]} Kh7 {[%clk 0:47:28]} 33. Bxe5 {[%clk 0:38:30]} Qh3+ {[%clk 0:47:00]}
34. Kg1 {[%clk 0:38:00]} Rxf3 {[%clk 0:46:00]} 35. Qh8+ {[%clk 0:37:30]} 1-0

[Event "Campeonato España Sub 12"]
[Site "Salobreña"]
[Date "2017.07.15"]
[Round "9"]
[White "Reguillaga Elias, Manex"]
[Black "Vara Soler, Luis"]
[Result "1-0"]
[Board "7"]
[WhiteClock "1:30"]
[WhiteElo "1817"]
[WhiteCountry "ESP"]
[WhiteFideId "24516341"]
[WhiteEloChange "3"]
[BlackClock "1:30"]
[BlackElo "1489"]
[BlackCountry "ESP"]
[BlackFideId "24560936"]
[BlackEloChange "-3"]

1. d4 {[%clk 1:30:00]} Nf6 {[%clk 1:30:00]} 2. c4 {[%clk 1:31:00]} g6 {[%clk
1:31:00]} 3. Nc3 {[%clk 1:31:00]} Bg7 {[%clk 1:31:00]} 4. e4 {[%clk 1:32:00]} d6
{[%clk 1:32:00]} 5. Nf3 {[%clk 1:32:00]} O-O {[%clk 1:32:00]} 6. Be2 {[%clk
1:32:00]} e5 {[%clk 1:33:00]} 7. O-O {[%clk 1:33:00]} Nc6 {[%clk 1:33:00]} 8. d5
{[%clk 1:32:30]} Ne7 {[%clk 1:33:00]} 9. Ne1 {[%clk 1:32:30]} Nd7 {[%clk
1:34:00]} 10. Be3 {[%clk 1:31:59]} f5 {[%clk 1:34:00]} 11. f3 {[%clk 1:34:00]} f4
{[%clk 1:33:00]} 12. Bf2 {[%clk 1:34:00]} g5 {[%clk 1:32:00]} 13. g4 {[%clk
1:33:30]} Nf6 {[%clk 1:24:00]} 14. c5 {[%clk 1:28:00]} h5 {[%clk 1:21:00]} 15. h3
{[%clk 1:28:00]} hxg4 {[%clk 1:22:00]} 16. hxg4 {[%clk 1:29:00]} a6 {[%clk
1:19:00]} 17. cxd6 {[%clk 1:27:00]} Qxd6 {[%clk 1:19:00]} 18. Nd3 {[%clk
1:26:00]} Nd7 {[%clk 1:16:00]} 19. Na4 {[%clk 1:20:00]} Kf7 {[%clk 1:05:00]} 20.
Nac5 {[%clk 1:17:00]} Qh6 {[%clk 1:01:00]} 21. Kg2 {[%clk 1:16:30]} Rh8 {[%clk
1:01:00]} 22. Rh1 {[%clk 1:16:30]} Qxh1+ {[%clk 1:01:00]} 23. Qxh1 {[%clk
1:18:00]} Rxh1 {[%clk 1:02:00]} 24. Rxh1 {[%clk 1:18:00]} Nxc5 {[%clk 0:56:00]}
25. Bxc5 {[%clk 1:16:29]} Ng6 {[%clk 0:51:00]} 26. Bb4 {[%clk 1:14:00]} Bd7
{[%clk 0:44:00]} 27. Nc5 {[%clk 1:10:00]} Bb5 {[%clk 0:43:00]} 28. Bxb5 {[%clk
1:01:00]} axb5 {[%clk 0:43:00]} 29. a3 {[%clk 1:01:00]} Rh8 {[%clk 0:32:00]} 30.
Rxh8 {[%clk 0:58:00]} Bxh8 {[%clk 0:31:29]} 31. Ne6 {[%clk 0:57:00]} Bf6 {[%clk
0:31:00]} 32. Nxc7 {[%clk 0:57:00]} Bd8 {[%clk 0:30:31]} 33. Nxb5 {[%clk
0:58:00]} Bb6 {[%clk 0:30:00]} 34. Nd6+ {[%clk 0:58:00]} Kf6 {[%clk 0:31:00]} 35.
Nf5 {[%clk 0:58:00]} Nh4+ {[%clk 0:29:00]} 36. Nxh4 {[%clk 0:58:00]} gxh4 {[%clk
0:29:00]} 37. Be1 {[%clk 0:59:00]} Kg5 {[%clk 0:29:00]} 38. Kh3 {[%clk 0:58:30]}
1-0

[Event "Campeonato España Sub 12"]
[Site "Salobreña"]
[Date "2017.07.15"]
[Round "9"]
[White "Linan Molina, Daniel"]
[Black "Luque Saiz, Andres"]
[Result "1/2-1/2"]
[Board "8"]
[WhiteClock "1:30"]
[WhiteElo "1539"]
[WhiteCountry "ESP"]
[WhiteFideId "24539341"]
[WhiteEloChange "7"]
[BlackClock "1:30"]
[BlackElo "1821"]
[BlackCountry "ESP"]
[BlackFideId "24510793"]
[BlackEloChange "-7"]

1. e4 {[%clk 1:30:00]} c6 {[%clk 1:30:00]} 2. d4 {[%clk 1:31:00]} d5 {[%clk
1:31:00]} 3. exd5 {[%clk 1:31:00]} cxd5 {[%clk 1:31:00]} 4. Bd3 {[%clk 1:32:00]}
Nf6 {[%clk 1:31:00]} 5. Bf4 {[%clk 1:31:30]} Nc6 {[%clk 1:31:00]} 6. c3 {[%clk
1:31:30]} e6 {[%clk 1:30:29]} 7. Nf3 {[%clk 1:33:00]} Bd6 {[%clk 1:30:29]} 8. Bg3
{[%clk 1:32:30]} O-O {[%clk 1:30:00]} 9. Nbd2 {[%clk 1:31:00]} Qc7 {[%clk
1:27:00]} 10. Qc2 {[%clk 1:30:00]} a6 {[%clk 1:22:00]} 11. Bh4 {[%clk 1:27:00]}
h6 {[%clk 1:21:30]} 12. O-O {[%clk 1:26:00]} b5 {[%clk 1:21:00]} 13. b4 {[%clk
1:25:00]} Bd7 {[%clk 1:13:00]} 14. a3 {[%clk 1:20:00]} Rac8 {[%clk 1:08:00]} 15.
Rac1 {[%clk 1:19:29]} e5 {[%clk 0:55:00]} 16. dxe5 {[%clk 1:19:00]} Nxe5 {[%clk
0:55:00]} 17. Bg3 {[%clk 1:18:00]} Nfg4 {[%clk 0:49:00]} 18. Bf5 {[%clk 1:08:00]}
Bxf5 {[%clk 0:42:00]} 19. Qxf5 {[%clk 1:08:00]} g6 {[%clk 0:41:30]} 20. Qf4
{[%clk 1:02:00]} Nxf3+ {[%clk 0:38:00]} 21. Qxf3 {[%clk 1:01:30]} Bxg3 {[%clk
0:37:29]} 22. hxg3 {[%clk 1:01:30]} Ne5 {[%clk 0:37:29]} 23. Qe3 {[%clk 1:01:00]}
Kh7 {[%clk 0:36:00]} 24. Rfe1 {[%clk 0:57:00]} Rfe8 {[%clk 0:35:00]} 25. Qd4
{[%clk 0:56:00]} Kg8 {[%clk 0:31:00]} 26. Qe3 {[%clk 0:51:00]} Nc4 {[%clk
0:24:00]} 27. Qxe8+ {[%clk 0:52:00]} Rxe8 {[%clk 0:24:00]} 28. Rxe8+ {[%clk
0:52:00]} Kg7 {[%clk 0:25:00]} 29. Nxc4 {[%clk 0:53:00]} Qxc4 {[%clk 0:25:00]}
30. Re3 {[%clk 0:52:00]} Qb3 {[%clk 0:24:00]} 31. Rd3 {[%clk 0:51:00]} Qxa3
{[%clk 0:25:00]} 32. Rcd1 {[%clk 0:52:00]} d4 {[%clk 0:21:00]} 33. cxd4 {[%clk
0:52:00]} Qxb4 {[%clk 0:22:00]} 34. d5 {[%clk 0:52:00]} Qd6 {[%clk 0:21:30]} 35.
Rc3 {[%clk 0:51:30]} a5 {[%clk 0:21:30]} 36. Rc6 {[%clk 0:53:00]} Qd7 {[%clk
0:21:00]} 37. Rc5 {[%clk 0:53:00]} a4 {[%clk 0:21:00]} 38. d6 {[%clk 0:52:00]} b4
{[%clk 0:17:16]} 39. Rc4 {[%clk 0:51:00]} a3 {[%clk 0:14:37]} 40. Rxb4 {[%clk
0:48:00]} a2 {[%clk 0:14:53]} 41. Rb2 {[%clk 0:45:29]} Qxd6 {[%clk 0:14:52]} 42.
Ra1 {[%clk 0:45:29]} 1/2-1/2

[Event "Campeonato España Sub 12"]
[Site "Salobreña"]
[Date "2017.07.15"]
[Round "9"]
[White "Crespo Diaz, David"]
[Black "Fernandez Estremera, Fernando"]
[Result "1-0"]
[Board "9"]
[WhiteClock "1:30"]
[WhiteElo "1377"]
[WhiteCountry "ESP"]
[WhiteFideId "24516465"]
[WhiteEloChange "18"]
[BlackClock "1:30"]
[BlackElo "1809"]
[BlackCountry "ESP"]
[BlackFideId "24520152"]
[BlackEloChange "-18"]

1. c4 {[%clk 1:30:00]} c6 {[%clk 1:30:00]} 2. Nc3 {[%clk 1:31:00]} d5 {[%clk
1:30:00]} 3. d4 {[%clk 1:30:30]} Nf6 {[%clk 1:29:29]} 4. cxd5 {[%clk 1:30:00]}
Nxd5 {[%clk 1:28:00]} 5. e4 {[%clk 1:29:00]} Nxc3 {[%clk 1:27:00]} 6. bxc3 {[%clk
1:28:31]} g6 {[%clk 1:21:00]} 7. Rb1 {[%clk 1:24:00]} Bg7 {[%clk 1:20:30]} 8. Nf3
{[%clk 1:23:00]} O-O {[%clk 1:20:00]} 9. Bd3 {[%clk 1:20:00]} c5 {[%clk 1:19:00]}
10. e5 {[%clk 1:12:00]} Nc6 {[%clk 1:15:00]} 11. Be4 {[%clk 1:12:00]} cxd4 {[%clk
1:10:00]} 12. cxd4 {[%clk 1:11:00]} Qc7 {[%clk 1:06:00]} 13. O-O {[%clk 1:09:00]}
Rd8 {[%clk 1:05:00]} 14. Qc2 {[%clk 1:07:00]} Qd7 {[%clk 1:02:00]} 15. Be3 {[%clk
1:04:00]} e6 {[%clk 0:49:00]} 16. Rfc1 {[%clk 0:49:00]} Ne7 {[%clk 0:48:30]} 17.
Bg5 {[%clk 0:48:30]} h6 {[%clk 0:45:00]} 18. Bxe7 {[%clk 0:38:00]} Qxe7 {[%clk
0:44:31]} 19. h3 {[%clk 0:35:00]} Rd7 {[%clk 0:43:00]} 20. Rb3 {[%clk 0:28:00]}
Qe8 {[%clk 0:36:00]} 21. Rc3 {[%clk 0:27:00]} Rd8 {[%clk 0:37:00]} 22. Rc7 {[%clk
0:22:00]} Rb8 {[%clk 0:36:29]} 23. Qc5 {[%clk 0:20:00]} b6 {[%clk 0:35:00]} 24.
Qe7 {[%clk 0:19:30]} a5 {[%clk 0:30:00]} 25. Ra7 {[%clk 0:16:43]} Qxe7 {[%clk
0:29:00]} 26. Rxe7 {[%clk 0:17:02]} Bf8 {[%clk 0:25:00]} 27. Ra7 {[%clk 0:16:59]}
Rd7 {[%clk 0:24:00]} 28. Rxc8 {[%clk 0:16:37]} Rxc8 {[%clk 0:22:00]} 29. Rxd7
{[%clk 0:16:54]} b5 {[%clk 0:23:00]} 30. d5 {[%clk 0:15:12]} b4 {[%clk 0:23:00]}
31. dxe6 {[%clk 0:14:40]} fxe6 {[%clk 0:23:00]} 32. Ra7 {[%clk 0:14:37]} Rc5
{[%clk 0:22:29]} 33. Bxg6 {[%clk 0:14:37]} Rc2 {[%clk 0:22:00]} 34. Bf7+ {[%clk
0:14:38]} Kh8 {[%clk 0:23:00]} 35. Bxe6 {[%clk 0:15:00]} Bc5 {[%clk 0:23:00]} 36.
Ra8+ {[%clk 0:14:54]} Kh7 {[%clk 0:22:29]} 37. Bf5+ {[%clk 0:15:10]} 1-0

[Event "Campeonato España Sub 12"]
[Site "Salobreña"]
[Date "2017.07.15"]
[Round "9"]
[White "Perez Garcia, Jimena"]
[Black "Pedchenko, Alex"]
[Result "1/2-1/2"]
[Board "10"]
[WhiteClock "1:30"]
[WhiteElo "1551"]
[WhiteCountry "ESP"]
[WhiteFideId "24517127"]
[WhiteEloChange "5"]
[BlackClock "1:30"]
[BlackElo "1734"]
[BlackCountry "ESP"]
[BlackFideId "24522732"]
[BlackEloChange "-5"]

1. d4 {[%clk 1:30:00]} Nf6 {[%clk 1:30:00]} 2. c4 {[%clk 1:31:00]} d6 {[%clk
1:31:00]} 3. Nc3 {[%clk 1:31:00]} g6 {[%clk 1:31:00]} 4. e4 {[%clk 1:32:00]} Bg7
{[%clk 1:32:00]} 5. f3 {[%clk 1:32:00]} a6 {[%clk 1:31:00]} 6. Be3 {[%clk
1:31:00]} Nbd7 {[%clk 1:30:30]} 7. Bd3 {[%clk 1:26:00]} e5 {[%clk 1:30:01]} 8. d5
{[%clk 1:26:00]} O-O {[%clk 1:29:29]} 9. Nge2 {[%clk 1:26:00]} Ne8 {[%clk
1:29:00]} 10. Qd2 {[%clk 1:26:00]} f5 {[%clk 1:28:30]} 11. exf5 {[%clk 1:25:00]}
gxf5 {[%clk 1:28:00]} 12. O-O {[%clk 1:21:00]} f4 {[%clk 1:30:00]} 13. Bf2 {[%clk
1:20:00]} h5 {[%clk 1:20:00]} 14. Qe1 {[%clk 1:17:00]} Nef6 {[%clk 1:19:00]} 15.
Bg6 {[%clk 1:12:00]} Nh7 {[%clk 1:18:00]} 16. Bh4 {[%clk 1:10:00]} Bf6 {[%clk
1:18:00]} 17. Bxf6 {[%clk 1:06:00]} Ndxf6 {[%clk 1:17:00]} 18. Qh4 {[%clk
1:03:00]} Kg7 {[%clk 1:16:00]} 19. Bd3 {[%clk 0:57:00]} Rg8 {[%clk 1:05:00]} 20.
Ne4 {[%clk 0:44:00]} Nxe4 {[%clk 1:04:00]} 21. Qxd8 {[%clk 0:44:00]} Rxd8 {[%clk
1:03:29]} 22. Bxe4 {[%clk 0:44:00]} Ng5 {[%clk 1:02:59]} 23. Bd3 {[%clk 0:43:00]}
Kh6 {[%clk 1:00:00]} 24. Nc3 {[%clk 0:36:00]} Rf8 {[%clk 0:56:00]} 25. Ne4 {[%clk
0:32:00]} Bf5 {[%clk 0:54:00]} 26. Rac1 {[%clk 0:30:00]} Bxe4 {[%clk 0:53:00]}
27. Bxe4 {[%clk 0:29:31]} Nxe4 {[%clk 0:52:28]} 28. fxe4 {[%clk 0:29:31]} b6
{[%clk 0:52:28]} 29. a3 {[%clk 0:28:00]} a5 {[%clk 0:51:57]} 30. Rc3 {[%clk
0:26:00]} a4 {[%clk 0:52:00]} 31. Rcf3 {[%clk 0:25:00]} h4 {[%clk 0:50:00]} 32.
Kh1 {[%clk 0:21:00]} Kg5 {[%clk 0:49:30]} 33. R1f2 {[%clk 0:17:22]} Rae8 {[%clk
0:44:00]} 34. Kg1 {[%clk 0:15:23]} Kg4 {[%clk 0:43:00]} 35. h3+ {[%clk 0:13:11]}
Kg5 {[%clk 0:42:00]} 36. Kf1 {[%clk 0:12:29]} Ra8 {[%clk 0:42:00]} 37. Rc3 {[%clk
0:11:40]} Ra5 {[%clk 0:41:00]} 38. Re2 {[%clk 0:10:59]} Rc5 {[%clk 0:40:30]} 39.
Kf2 {[%clk 0:10:44]} Rb8 {[%clk 0:40:30]} 40. Rec2 {[%clk 0:07:00]} Rb7 {[%clk
0:40:00]} 41. Kf1 {[%clk 0:06:32]} Rb8 {[%clk 0:36:00]} 42. Kf2 {[%clk 0:06:56]}
Rb7 {[%clk 0:36:00]} 1/2-1/2